El trazado de la Catedral de Toledo y su arquitecto Pedro Pérez / (Registro nro. 156971)

Detalles MARC
000 -LEADER
campo de control de longitud fija 00909nam a2200205 i 4500
001 - NÚMERO DE CONTROL
campo de control 156971
003 - IDENTIFICADOR DE NÚMERO DE CONTROL
campo de control ES-MaACL
005 - FECHA Y HORA DE LA ÚLTIMA TRANSACCIÓN
campo de control 20251003063137.0
008 - DATOS DE LONGITUD FIJA--INFORMACIÓN GENERAL
campo de control de longitud fija 990601s1899 sp ae |||| | spa d
080 ## - NÚMERO DE LA CLASIFICACIÓN DECIMAL UNIVERSAL
Número de la Clasificación Decimal Universal 726.6(460.285 T.)
100 1# - ENTRADA PRINCIPAL--NOMBRE DE PERSONA
Nombre de persona Lampérez y Romea, Vicente,
Fechas asociadas al nombre 1861-1923
9 (RLIN) 128639
245 13 - MENCIÓN DEL TÍTULO
Título El trazado de la Catedral de Toledo y su arquitecto Pedro Pérez /
Mención de responsabilidad, etc. por Vicente Lampérez y Romea.
260 ## - PUBLICACIÓN, DISTRIBUCIÓN, ETC.
Lugar de publicación, distribución, etc. Madrid :
Nombre del editor, distribuidor, etc. [s.n.],
Fecha de publicación, distribución, etc. 1899 (
Fabricante Est. Tip. de la Viuda e Hijos de Manuel Tello)
300 ## - DESCRIPCIÓN FÍSICA
Extensión 18 p., [2] h. pleg. de planos :
Otras características físicas il. ;
Dimensiones 23 cm.
610 24 - PUNTO DE ACCESO ADICIONAL DE MATERIA--NOMBRE DE ENTIDAD CORPORATIVA
Nombre de entidad corporativa o nombre de jurisdicción como elemento de entrada Catedral Primada de Toledo.
9 (RLIN) 145491
651 #4 - PUNTO DE ACCESO ADICIONAL DE MATERIA--NOMBRE GEOGRÁFICO
Nombre geográfico Toledo-
Subdivisión general Edificios, estructuras, etc.
9 (RLIN) 149676
852 ## - LOCALIZACIÓN
Ubicación ES-MaACL
Número de control de estantería T-864-F-10
Nota libre - Enc. hol., conservando cub. original
-- - Enc. en un vol. facticio
856 ## - LOCALIZACIÓN Y ACCESO ELECTRÓNICOS
Identificador Uniforme de Recursos <a href="http://bdh-rd.bne.es/viewer.vm?id=0000149172&page=1 ">http://bdh-rd.bne.es/viewer.vm?id=0000149172&page=1 </a>
Nota pública Biblioteca Digital Hispánica
Existencias
Estatus retirado Estado de pérdida Estado de daño No para préstamo Colección Biblioteca de origen Biblioteca actual Ubicación en estantería Fecha de adquisición Total de préstamos Signatura topográfica completa Código de barras Visto por última vez Precio de reemplazo Tipo de ítem Koha
        Colección de folletos Biblioteca del Ateneo de Madrid Biblioteca del Ateneo de Madrid Depósito folletos 17/01/2008   T-864-F-10 1164235 23/02/2023 23/02/2023 Folleto